[Event "DEM U10 2012"]
[Site "Oberhof GER"]
[Date "2012.05.30"]
[Round "7"]
[White "Biastoch, Bennet"]
[Black "Baltic, Fatih"]
[Result "1-0"]
[Termination "normal"]
[Board "9"]
[WhiteElo "1488"]
[BlackElo "1379"]
[PlyCount "59"]
[WhiteFideId "12939889"]
[BlackFideId "12979090"]
[EventCountry "GER"]
[EventRounds "11"]
[EventType "swiss"]
[EventDate "2012.05.26"]

1. e4 c5 2. Nf3 e6 3. d4 cxd4 4. Nxd4 a6 5. Nc3 Qc7 6. Be2 d6 7. O-O Nf6 8. Be3
Be7 9. Kh1 Nbd7 10. f4 b5 11. a3 Bb7 12. Bf3 O-O 13. Nb3 Rac8 14. Qe1 e5 15. f5
Rfd8 16. Qg3 Kh8 17. Rad1 Nc5 18. Nxc5 dxc5 19. Qh3 b4 20. Nd5 Nxd5 21. exd5
Qd6 22. Be4 Qd7 23. Qh5 f6 24. Rf3 Qe8 25. Qh4 Rd6 26. Rh3 Qg8 27. a4 a5 28.
Bf3 Bf8 29. Bh5 h6 30. Bg6 1-0

[Event "DEM U10 2012"]
[Site "Oberhof GER"]
[Date "2012.05.30"]
[Round "7"]
[White "Engel, Luis"]
[Black "Merk, Daniel"]
[Result "1-0"]
[Termination "normal"]
[Board "10"]
[WhiteElo "1463"]
[BlackElo "1312"]
[PlyCount "53"]
[WhiteFideId "12961523"]
[BlackFideId "12938386"]
[EventCountry "GER"]
[EventRounds "11"]
[EventType "swiss"]
[EventDate "2012.05.26"]

1. e4 c6 2. d4 d5 3. e5 Bf5 4. Nc3 e6 5. g4 Bg6 6. Nge2 c5 7. h4 h5 8. Nf4 Bh7
9. g5 Bf5 10. Be3 cxd4 11. Bxd4 Nc6 12. Bb5 a6 13. Ba4 Qc7 14. Qd2 Bb4 15. a3
Ba5 16. Qe3 Nge7 17. b4 b5 18. bxa5 bxa4 19. Rc1 Nxd4 20. Qxd4 Nc6 21. Qxa4
Qxe5+ 22. Nfe2 Rc8 23. f4 Qe3 24. Nd1 Qf3 25. Rf1 Qh3 26. Nf2 O-O 27. Nxh3 1-0

[Event "DEM U10 2012"]
[Site "Oberhof GER"]
[Date "2012.05.30"]
[Round "7"]
[White "Niemann, Alexander"]
[Black "Suvorov, Luca"]
[Result "1-0"]
[Termination "normal"]
[Board "11"]
[WhiteElo "1403"]
[BlackElo "1255"]
[PlyCount "69"]
[WhiteFideId "12939862"]
[BlackFideId "12977071"]
[EventCountry "GER"]
[EventRounds "11"]
[EventType "swiss"]
[EventDate "2012.05.26"]

1. e4 Nc6 2. Nf3 d6 3. d4 Nf6 4. Nc3 Bg4 5. d5 Ne5 6. Nxe5 dxe5 7. f3 Bh5 8.
Bb5+ Nd7 9. O-O a6 10. Be2 Nb6 11. Be3 Qd7 12. a4 e6 13. a5 exd5 14. axb6 d4
15. Nd5 Bd6 16. Nxc7+ Bxc7 17. bxc7 dxe3 18. Qd5 Qxd5 19. exd5 Kd7 20. Bc4 Kxc7
21. Rfe1 Kd6 22. Rxe3 Rac8 23. Bb3 Bg6 24. c3 f6 25. Ba2 Rhe8 26. b4 f5 27. c4
f4 28. c5+ Kd7 29. Rc3 e4 30. Kf2 Re5 31. Rd1 exf3 32. gxf3 Bf5 33. d6 b6 34.
Rd5 Re3 35. c6+ 1-0

[Event "DEM U10 2012"]
[Site "Oberhof GER"]
[Date "2012.05.30"]
[Round "7"]
[White "Mönster, Madita"]
[Black "Pajeken, Jakob Leon"]
[Result "1-0"]
[Termination "normal"]
[Board "12"]
[WhiteElo "1025"]
[BlackElo "1385"]
[PlyCount "53"]
[WhiteFideId "12947156"]
[BlackFideId "12942839"]
[EventCountry "GER"]
[EventRounds "11"]
[EventType "swiss"]
[EventDate "2012.05.26"]

1. e4 c5 2. Nf3 Nc6 3. d4 cxd4 4. Nxd4 Nf6 5. Nc3 e5 6. Ndb5 d6 7. Be3 a6 8.
Na3 b5 9. Nd5 Nxd5 10. Qxd5 Bb7 11. Be2 Be7 12. Qb3 O-O 13. c4 b4 14. Nc2 a5
15. Bd2 Kh8 16. Qh3 Bc8 17. Bg4 Bf6 18. Bf5 Bxf5 19. exf5 Re8 20. O-O Qc8 21.
Qh5 Ne7 22. Qxf7 Qxf5 23. Ne3 Qg6 24. Qe6 Nf5 25. Qxf5 Qxf5 26. Nxf5 Re6 27.
Ne3 1-0

[Event "DEM U10 2012"]
[Site "Oberhof GER"]
[Date "2012.05.30"]
[Round "7"]
[White "Yankelevich, Michael"]
[Black "Schütze, Tim"]
[Result "1-0"]
[Termination "normal"]
[Board "13"]
[WhiteElo "1718"]
[BlackElo "1231"]
[PlyCount "121"]
[WhiteFideId "12921440"]
[BlackFideId "12939706"]
[EventCountry "GER"]
[EventRounds "11"]
[EventType "swiss"]
[EventDate "2012.05.26"]

1. e4 c5 2. Nc3 Nc6 3. d3 e6 4. f4 d5 5. e5 Nh6 6. Nf3 Be7 7. Bd2 O-O 8. g3 Nf5
9. Bg2 a6 10. a4 Bd7 11. Qc1 Qb6 12. a5 Qa7 13. Bh3 Ncd4 14. Nxd4 Nxd4 15. Be3
Nf3+ 16. Ke2 Bc6 17. Bf2 f5 18. exf6 Rxf6 19. Kxf3 d4+ 20. Ne4 e5 21. Ke2 Bxe4
22. dxe4 exf4 23. gxf4 Qb8 24. Bg3 Qe8 25. Bg2 Bd8 26. b3 Qb5+ 27. Kf3 Bxa5 28.
Bf1 Qb4 29. Bc4+ Kf8 30. Be1 Qb6 31. Bxa5 Qd6 32. Bd2 h5 33. Rg1 Qd7 34. Qf1
Re8 35. Re1 Qc7 36. Qg2 b5 37. Bd5 b4 38. Qg5 Rh6 39. Qxh6 gxh6 40. Rg8+ Ke7
41. Rg7+ Kd8 42. Rxc7 Kxc7 43. Rg1 Re7 44. Rg6 Rh7 45. f5 Kd7 46. Rxh6 Re7 47.
Rxh5 a5 48. f6 Re8 49. f7 Rf8 50. Bh6 a4 51. bxa4 Rxf7+ 52. Bxf7 Kc6 53. Bc4
Kb6 54. Bf8 Kc6 55. Rxc5+ Kb6 56. a5+ Ka7 57. Rc7+ Ka8 58. Bd6 d3 59. Bd5+ Kb8
60. a6 d2 61. a7# 1-0

[Event "DEM U10 2012"]
[Site "Oberhof GER"]
[Date "2012.05.30"]
[Round "7"]
[White "Dobrikov, Marco"]
[Black "Rößler, Lukas"]
[Result "1/2-1/2"]
[Termination "normal"]
[Board "14"]
[WhiteElo "1217"]
[BlackElo "1515"]
[PlyCount "96"]
[WhiteFideId "12950378"]
[BlackFideId "12938718"]
[EventCountry "GER"]
[EventRounds "11"]
[EventType "swiss"]
[EventDate "2012.05.26"]

1. e4 c5 2. Nf3 Nc6 3. d4 cxd4 4. Nxd4 g6 5. Be2 Bg7 6. Be3 Nf6 7. Nc3 O-O 8.
O-O d5 9. exd5 Nxd5 10. Nxc6 bxc6 11. Bd4 Be6 12. Bxg7 Kxg7 13. Qd4+ Kg8 14.
Ne4 Nf4 15. Qe3 Nxe2+ 16. Qxe2 Bd5 17. Rfd1 Qc7 18. Nc5 Qf4 19. Qxe7 Qg4 20.
Rxd5 Rfe8 21. Qd7 Qe2 22. Rdd1 Rad8 23. Qxd8 Rxd8 24. Rxd8+ Kg7 25. Rc1 Qe7 26.
Rdd1 Qxc5 27. c3 Qa5 28. a3 Qa4 29. Rd4 Qb3 30. Rb4 Qd5 31. Rd4 Qe5 32. Rcd1
Qe2 33. R4d2 Qb5 34. Re1 c5 35. Re5 Qb6 36. h3 c4 37. Re4 Qb5 38. Re7 Qg5 39.
Red7 Qe5 40. g3 Qe4 41. Kh2 a5 42. R7d4 Qc6 43. Re2 Qb5 44. Kg1 Qb3 45. Rd5 h5
46. Red2 a4 47. Ra5 Qa2 48. Re2 Qb1+ 1/2-1/2

[Event "DEM U10 2012"]
[Site "Oberhof GER"]
[Date "2012.05.30"]
[Round "7"]
[White "Staufenberger, Philipp"]
[Black "Kopylov, Daniel"]
[Result "0-1"]
[Termination "normal"]
[Board "15"]
[WhiteElo "1234"]
[BlackElo "1623"]
[PlyCount "126"]
[WhiteFideId "12970883"]
[BlackFideId "12921971"]
[EventCountry "GER"]
[EventRounds "11"]
[EventType "swiss"]
[EventDate "2012.05.26"]

1. e4 c5 2. c3 Nf6 3. e5 Nd5 4. d4 cxd4 5. Nf3 Nc6 6. Bc4 Nb6 7. Bb3 d6 8. exd6
e6 9. cxd4 Bxd6 10. Nc3 O-O 11. O-O Qf6 12. Ne4 Qe7 13. Nxd6 Qxd6 14. Re1 Bd7
15. Ng5 Qxd4 16. Qh5 h6 17. Re3 Nd5 18. Rh3 Nf6 19. Nf3 Nxh5 20. Nxd4 Nxd4 21.
Rxh5 Nxb3 22. axb3 Rac8 23. Be3 a6 24. Rd1 Bb5 25. Rd4 Rc2 26. h3 Rxb2 27. Rb4
Be2 28. Rc5 b5 29. Bd4 Rb1+ 30. Kh2 a5 31. Rbxb5 Bxb5 32. Rxb5 Rd8 33. Bb6 Rb8
34. Kg3 a4 35. bxa4 Rxb5 36. axb5 Rxb6 37. f4 Rxb5 38. Kh4 g5+ 39. fxg5 hxg5+
40. Kh5 Kg7 41. g4 f6 42. h4 gxh4+ 43. Kxh4 e5 44. Kg3 e4 45. Kf4 Re5 46. g5
fxg5+ 47. Kxe5 e3 48. Kd5 e2 49. Kd4 e1=Q 50. Kd5 Kf6 51. Kd4 Qe2 52. Kd5 Qe3
53. Kd6 Qe5+ 54. Kc6 Qd4 55. Kc7 Qd5 56. Kb6 Qc4 57. Kb7 Qc5 58. Ka6 Qb4 59.
Ka7 Qb5 60. Ka8 Ke7 61. Ka7 Kd7 62. Ka8 Kc7 63. Ka7 Qa5# 0-1

[Event "DEM U10 2012"]
[Site "Oberhof GER"]
[Date "2012.05.30"]
[Round "7"]
[White "Kück, Artur"]
[Black "Hofele, Mathis"]
[Result "0-1"]
[Termination "normal"]
[Board "16"]
[WhiteElo "1212"]
[BlackElo "1273"]
[PlyCount "54"]
[WhiteFideId "12965120"]
[BlackFideId "12963844"]
[EventCountry "GER"]
[EventRounds "11"]
[EventType "swiss"]
[EventDate "2012.05.26"]

1. f4 e6 2. Nf3 Nc6 3. e3 Nf6 4. b3 d5 5. Bb2 Bc5 6. Bd3 O-O 7. O-O Re8 8. Ng5
h6 9. Nf3 Ne7 10. Ne5 Nf5 11. g4 Bxe3+ 12. Kh1 Bd4 13. c3 Bxe5 14. fxe5 Nd7 15.
gxf5 Nxe5 16. Bc2 b6 17. c4 d4 18. fxe6 Bb7+ 19. Kg1 Qg5+ 20. Kf2 Ng4+ 21. Ke1
Rxe6+ 22. Qe2 Rxe2+ 23. Kxe2 Re8+ 24. Be4 Rxe4+ 25. Kd1 Nf2+ 26. Kc2 d3+ 27.
Kc1 Qe7 0-1

[Event "DEM U10 2012"]
[Site "Oberhof GER"]
[Date "2012.05.30"]
[Round "7"]
[White "Liebeck, Eddie"]
[Black "Faal, Marcel"]
[Result "1-0"]
[Termination "normal"]
[Board "17"]
[WhiteElo "1273"]
[BlackElo "1169"]
[PlyCount "115"]
[WhiteFideId "12945854"]
[BlackFideId "1271978"]
[EventCountry "GER"]
[EventRounds "11"]
[EventType "swiss"]
[EventDate "2012.05.26"]

1. d4 d5 2. c4 dxc4 3. e3 Nf6 4. Bxc4 e6 5. Bd2 Nc6 6. Nc3 Bd6 7. Nf3 O-O 8.
O-O e5 9. dxe5 Nxe5 10. Nxe5 Bxe5 11. Qc2 Re8 12. Qb3 Be6 13. Bxe6 fxe6 14.
Rad1 b6 15. Ne2 Qd5 16. Qxd5 exd5 17. Bc3 Bxc3 18. Nxc3 Rad8 19. Rd2 c5 20. h3
Rd7 21. Rfd1 Red8 22. Kf1 d4 23. exd4 cxd4 24. Ne2 d3 25. Nc1 Ne4 26. Rxd3 Rxd3
27. Rxd3 Rc8 28. Nb3 Rc2 29. Re3 Nd2+ 30. Nxd2 Rxd2 31. Rb3 Rd1+ 32. Ke2 Rg1
33. Kf3 Rd1 34. Ra3 Rd2 35. b4 Rd4 36. b5 Rb4 37. Rb3 Ra4 38. a3 Rc4 39. Ke3
Kf7 40. Kd3 Rf4 41. f3 Ke6 42. Rb4 Rxb4 43. axb4 Kd5 44. g3 g6 45. f4 h6 46. g4
Kd6 47. Ke4 Ke6 48. f5+ gxf5+ 49. gxf5+ Kd6 50. h4 Kd7 51. Kd5 Ke7 52. Ke5 h5
53. f6+ Kf8 54. Ke6 Ke8 55. f7+ Kf8 56. Kf6 a6 57. bxa6 b5 58. Ke6 1-0

[Event "DEM U10 2012"]
[Site "Oberhof GER"]
[Date "2012.05.30"]
[Round "7"]
[White "Mertens, Yannick"]
[Black "Lindow, Max"]
[Result "1-0"]
[Termination "normal"]
[Board "18"]
[WhiteElo "1701"]
[BlackElo "1128"]
[PlyCount "71"]
[WhiteFideId "12947865"]
[BlackFideId "16211057"]
[EventCountry "GER"]
[EventRounds "11"]
[EventType "swiss"]
[EventDate "2012.05.26"]

1. e4 e5 2. Nf3 Nc6 3. d4 exd4 4. Bc4 Be7 5. c3 b6 6. Bf4 Bb7 7. O-O d6 8. cxd4
Qd7 9. Bb5 a6 10. Ba4 Qg4 11. Qd2 O-O-O 12. h3 Qg6 13. Nc3 Kb8 14. Bc2 Nb4 15.
Rfe1 Nxc2 16. Qxc2 Bc8 17. Nd5 Rd7 18. Rac1 Bd8 19. Nxb6 Re7 20. Nxc8 Kxc8 21.
Qc6 Nf6 22. Qxa6+ Kd7 23. Qc6+ Kc8 24. Bxd6 Re6 25. Qa8+ Kd7 26. Ne5+ Rxe5 27.
Bxe5 Ne8 28. Qa4+ Ke7 29. Qa3+ Nd6 30. Bxd6+ cxd6 31. e5 Kf8 32. Qxd6+ Qxd6 33.
exd6 h5 34. d7 Be7 35. Rc8+ Bd8 36. Re8# 1-0

[Event "DEM U10 2012"]
[Site "Oberhof GER"]
[Date "2012.05.30"]
[Round "7"]
[White "Shen, Julian"]
[Black "Brehm, Mirja"]
[Result "1-0"]
[Termination "normal"]
[Board "19"]
[WhiteElo "1383"]
[BlackElo "1097"]
[PlyCount "69"]
[WhiteFideId "12942898"]
[EventCountry "GER"]
[EventRounds "11"]
[EventType "swiss"]
[EventDate "2012.05.26"]

1. e4 e5 2. Nf3 Nc6 3. Bc4 Bc5 4. d3 h6 5. Nc3 Nf6 6. h3 d6 7. O-O Be6 8. Bb3
Qd7 9. Be3 Bb6 10. Nd5 Bxd5 11. exd5 Ne7 12. c4 O-O-O 13. a4 Bxe3 14. fxe3 Rdg8
15. Bc2 g5 16. Nxe5 dxe5 17. Rxf6 Qe8 18. Qh5 Rg6 19. Raf1 Rxf6 20. Rxf6 Rf8
21. Qg4+ Kb8 22. Rxh6 f6 23. Qe6 Ng8 24. Qxe8+ Rxe8 25. Rh8 Rc8 26. Kf2 Ne7 27.
Rxc8+ Kxc8 28. Kf3 Kd7 29. Ke4 Kd6 30. b4 b6 31. g4 Kd7 32. d4 exd4 33. Kxd4 c6
34. Bf5+ Kd6 35. c5+ 1-0

[Event "DEM U10 2012"]
[Site "Oberhof GER"]
[Date "2012.05.30"]
[Round "7"]
[White "Rosenhain, Rachela"]
[Black "Huber, Benedikt"]
[Result "1-0"]
[Termination "normal"]
[Board "20"]
[WhiteElo "1368"]
[BlackElo "1121"]
[PlyCount "49"]
[WhiteFideId "12957615"]
[BlackFideId "12923583"]
[EventCountry "GER"]
[EventRounds "11"]
[EventType "swiss"]
[EventDate "2012.05.26"]

1. e4 c5 2. Nf3 g6 3. d4 cxd4 4. Nxd4 Bg7 5. Nc3 Nc6 6. Be3 Nf6 7. Bc4 Qa5 8.
f3 Qb6 9. Bb3 e5 10. Nf5 Qc7 11. Nxg7+ Kf8 12. Bh6 Kg8 13. Nd5 Qd6 14. Nxf6+
Qxf6 15. Ne8 Qh4+ 16. g3 Qxh6 17. O-O Qe3+ 18. Kh1 h5 19. Qd5 Nd8 20. Qxe5 Qh6
21. Qf6 Ne6 22. Bxe6 fxe6 23. f4 h4 24. gxh4 Qxh4 25. Qg7# 1-0

[Event "DEM U10 2012"]
[Site "Oberhof GER"]
[Date "2012.05.30"]
[Round "7"]
[White "Schulze, Nick"]
[Black "Roth, Jakob"]
[Result "0-1"]
[Termination "normal"]
[Board "21"]
[WhiteElo "1072"]
[BlackElo "1367"]
[PlyCount "44"]
[WhiteFideId "12971847"]
[BlackFideId "12952605"]
[EventCountry "GER"]
[EventRounds "11"]
[EventType "swiss"]
[EventDate "2012.05.26"]

1. d4 Nf6 2. Nf3 e6 3. e3 d5 4. Nbd2 b6 5. c4 Bb7 6. Bd3 Nbd7 7. b3 Bd6 8. Bb2
O-O 9. O-O Re8 10. Qc2 Qe7 11. Ne5 h6 12. Ndf3 Bxe5 13. dxe5 Ne4 14. Nd2 Ndc5
15. Be2 Rad8 16. Ba3 Nxd2 17. Qxd2 dxc4 18. Qc2 Qg5 19. f3 Qxe3+ 20. Kh1 Rd2
21. Qc1 Qxe2 22. Re1 Qxg2# 0-1

[Event "DEM U10 2012"]
[Site "Oberhof GER"]
[Date "2012.05.30"]
[Round "7"]
[White "Heckmann, Till"]
[Black "Pfreundt, Mathis"]
[Result "1-0"]
[Termination "normal"]
[Board "22"]
[WhiteElo "1282"]
[BlackElo "1035"]
[PlyCount "111"]
[WhiteFideId "12987093"]
[BlackFideId "12967092"]
[EventCountry "GER"]
[EventRounds "11"]
[EventType "swiss"]
[EventDate "2012.05.26"]

1. e4 e5 2. Nf3 Nc6 3. Bb5 Nf6 4. O-O Nxe4 5. d4 Nd6 6. Bxc6 dxc6 7. dxe5 Nf5
8. Qxd8+ Kxd8 9. Bg5+ Be7 10. Rd1+ Ke8 11. Nc3 Be6 12. Rd2 Rd8 13. Rad1 Rxd2
14. Rxd2 Bxg5 15. Nxg5 Ke7 16. Nxe6 fxe6 17. f4 Rd8 18. Rxd8 Kxd8 19. Ne4 Ke7
20. Kf2 h6 21. Ke2 Nd4+ 22. Kd3 Nf5 23. b4 b6 24. c4 Nh4 25. g3 Ng6 26. b5 c5
27. Kc3 Kd7 28. a4 Kc8 29. a5 Kd7 30. a6 Ke7 31. Kd3 Kf7 32. Ke3 Ne7 33. g4 Kf8
34. Kf3 Ng6 35. Kg3 Kf7 36. Nd2 Ke8 37. h4 Kf7 38. h5 Ne7 39. Ne4 Kf8 40. Kf3
Kf7 41. Ng3 Kf8 42. f5 Kf7 43. Kf4 c6 44. Ne4 cxb5 45. Nd6+ Kf8 46. Nxb5 Nc6
47. Nc7 exf5 48. gxf5 Kf7 49. Ke4 Nd4 50. e6+ Ke7 51. Nd5+ Ke8 52. Ke5 Nc6+ 53.
Kd6 Nb4 54. Nc7+ Kd8 55. e7+ Kc8 56. e8=Q# 1-0

[Event "DEM U10 2012"]
[Site "Oberhof GER"]
[Date "2012.05.30"]
[Round "7"]
[White "Fesselier, Chelsea"]
[Black "Gazizov, Max"]
[Result "1-0"]
[Termination "normal"]
[Board "23"]
[WhiteElo "1228"]
[BlackElo "1009"]
[PlyCount "37"]
[WhiteFideId "26024624"]
[BlackFideId "12951323"]
[EventCountry "GER"]
[EventRounds "11"]
[EventType "swiss"]
[EventDate "2012.05.26"]

1. e4 d5 2. exd5 Qxd5 3. Nc3 Qa5 4. b4 Qxb4 5. Rb1 Qd6 6. Nf3 Bg4 7. Be2 Nf6 8.
Nb5 Qc6 9. Nc3 Nd5 10. Bb5 Nxc3 11. Bxc6+ bxc6 12. dxc3 e5 13. Qe2 Nd7 14. O-O
Bc5 15. Be3 e4 16. Bxc5 Nxc5 17. Qe3 Bxf3 18. gxf3 O-O 19. Qxc5 1-0

[Event "DEM U10 2012"]
[Site "Oberhof GER"]
[Date "2012.05.30"]
[Round "7"]
[White "Arnold, Leander"]
[Black "Voß, Henrike"]
[Result "1-0"]
[Termination "normal"]
[Board "24"]
[WhiteElo "1221"]
[BlackElo "1002"]
[PlyCount "55"]
[WhiteFideId "12990230"]
[BlackFideId "12971910"]
[EventCountry "GER"]
[EventRounds "11"]
[EventType "swiss"]
[EventDate "2012.05.26"]

1. e4 e5 2. Nf3 Nc6 3. Bc4 Bc5 4. Nc3 Nf6 5. d3 d6 6. h3 h6 7. Be3 Bb6 8. O-O
Be6 9. Bb3 O-O 10. Re1 Re8 11. Qd2 d5 12. exd5 Nxd5 13. Bxb6 axb6 14. Nxe5 Nxe5
15. Rxe5 c6 16. Rae1 Qd7 17. a3 Ra5 18. Bxd5 cxd5 19. d4 f6 20. R5e3 Bf7 21.
Rxe8+ Bxe8 22. Qe2 Bg6 23. Qe7 Qc6 24. Qe6+ Bf7 25. Qf5 Qc4 26. Re7 Qxd4 27.
Qc8+ Kh7 28. Rxf7 1-0

[Event "DEM U10 2012"]
[Site "Oberhof GER"]
[Date "2012.05.30"]
[Round "7"]
[White "Bykov, Ilona"]
[Black "Stork, Oliver"]
[Result "0-1"]
[Termination "normal"]
[Board "25"]
[WhiteElo "937"]
[BlackElo "1216"]
[PlyCount "102"]
[WhiteFideId "12964433"]
[BlackFideId "12955728"]
[EventCountry "GER"]
[EventRounds "11"]
[EventType "swiss"]
[EventDate "2012.05.26"]

1. e4 c5 2. Nc3 Nc6 3. Bc4 e6 4. Nf3 a6 5. a4 Nf6 6. d3 d5 7. exd5 exd5 8. Ba2
Bg4 9. O-O Nd4 10. Re1+ Be7 11. Kh1 O-O 12. Bf4 Re8 13. Rb1 b5 14. Ra1 Qd7 15.
Bb3 Nxb3 16. cxb3 b4 17. Nb1 Rad8 18. Nbd2 Nh5 19. Be3 d4 20. Bxd4 cxd4 21. h3
Bxf3 22. Qxf3 g6 23. Re2 Bg5 24. Ne4 Qd5 25. g4 Ng7 26. Rc1 Qe5 27. Rc5 Qf4 28.
Qxf4 Bxf4 29. Kg2 f5 30. Nf6+ Kf7 31. Nd5 Rxe2 32. Nxf4 Rxb2 33. Rc7+ Kg8 34.
Ra7 Rxb3 35. Rxa6 Rb8 36. Ne2 Ra3 37. Nxd4 Rxd3 38. Nb5 b3 39. Na3 b2 40. Nb1
Rd1 41. Nc3 Rc1 42. Nb1 Rxb1 43. a5 Rg1+ 44. Kxg1 b1=Q+ 45. Kg2 Qe4+ 46. f3 Qe3
47. Rc6 f4 48. Rc2 Rb1 49. Rf2 Qe1 50. Rf1 Qxf1+ 51. Kh2 Qh1# 0-1

[Event "DEM U10 2012"]
[Site "Oberhof GER"]
[Date "2012.05.30"]
[Round "7"]
[White "Grey, Andrea"]
[Black "Demme, Miriam"]
[Result "0-1"]
[Termination "normal"]
[Board "26"]
[WhiteElo "855"]
[BlackElo "1207"]
[PlyCount "108"]
[WhiteFideId "12971880"]
[BlackFideId "12966703"]
[EventCountry "GER"]
[EventRounds "11"]
[EventType "swiss"]
[EventDate "2012.05.26"]

1. e4 c5 2. Nf3 d6 3. d4 cxd4 4. Nxd4 Nf6 5. Nc3 g6 6. Bc4 Bg7 7. Be3 O-O 8.
Qd2 Ng4 9. O-O-O Nxe3 10. Qxe3 Nc6 11. Nxc6 bxc6 12. h3 Bd7 13. g4 c5 14. f4 e6
15. Rxd6 Re8 16. Rhd1 Re7 17. Qd3 Bd4 18. Bb5 Qc7 19. Rxd7 Rxd7 20. Bxd7 Qxd7
21. e5 Rd8 22. a3 Qb7 23. Qb5 Be3+ 24. Kb1 Rxd1+ 25. Ka2 Qxb5 26. Nxb5 Bxf4 27.
Nxa7 Bxe5 28. Nc6 Bf4 29. a4 e5 30. a5 Rd6 31. Nxe5 Bxe5 32. Kb3 Ra6 33. Ka4
Bxb2 34. Kb5 Ra8 35. a6 f5 36. Kb6 f4 37. a7 Rxa7 38. Kxa7 f3 39. Kb6 f2 40.
Kxc5 f1=Q 41. h4 Qf2+ 42. Kc4 Qxc2+ 43. Kd5 Qg2+ 44. Kc4 Qxg4+ 45. Kb3 Qxh4 46.
Kxb2 Qh3 47. Kc2 g5 48. Kd2 Qf3 49. Kc2 g4 50. Kd2 g3 51. Kc2 g2 52. Kd2 g1=R
53. Kc2 Rg2+ 54. Kc1 Qf1# 0-1

[Event "DEM U10 2012"]
[Site "Oberhof GER"]
[Date "2012.05.30"]
[Round "7"]
[White "Haag, Lea"]
[Black "Meyling, Lennart"]
[Result "0-1"]
[Termination "normal"]
[Board "28"]
[WhiteElo "1011"]
[BlackElo "1572"]
[PlyCount "98"]
[BlackFideId "12947130"]
[EventCountry "GER"]
[EventRounds "11"]
[EventType "swiss"]
[EventDate "2012.05.26"]

1. e4 c5 2. Nf3 d6 3. d4 cxd4 4. Nxd4 Nf6 5. Nc3 a6 6. Be2 e5 7. Nb3 Be6 8. O-O
Be7 9. Kh1 O-O 10. f4 Nc6 11. f5 Bd7 12. Rf3 Ng4 13. h3 Nf6 14. Rg3 Ne8 15. Bh6
Kh8 16. Be3 Bh4 17. Rf3 Ne7 18. Bf2 Bxf2 19. Rxf2 Qb6 20. Rf3 a5 21. a4 Rc8 22.
Rg3 Nf6 23. Qd2 Rxc3 24. Qxc3 Nxe4 25. Qe3 Nxg3+ 26. Qxg3 Nxf5 27. Qg5 h6 28.
Qd2 Ng3+ 29. Kh2 Nxe2 30. Qxe2 Qb4 31. Qd3 Qf4+ 32. Kg1 e4 33. Qf1 Qxf1+ 34.
Kxf1 Rc8 35. Nxa5 Rxc2 36. Nxb7 Rxb2 37. Nxd6 f5 38. a5 Rd2 39. Nc4 Bb5 40. Ke1
Rxg2 41. Nb6 Rg1+ 42. Kf2 Rxa1 43. Ke3 Rxa5 44. Kf4 g5+ 45. Ke3 Bd3 46. Nd7 f4+
47. Kf2 Ra2+ 48. Ke1 e3 49. Ne5 Ra1# 0-1

[Event "DEM U10 2012"]
[Site "Oberhof GER"]
[Date "2012.05.30"]
[Round "7"]
[White "Preißler, Niklas"]
[Black "Schmidtmann, Samantha"]
[Result "1-0"]
[Termination "normal"]
[Board "29"]
[WhiteElo "1393"]
[BlackElo "1109"]
[PlyCount "126"]
[WhiteFideId "12927554"]
[BlackFideId "12956759"]
[EventCountry "GER"]
[EventRounds "11"]
[EventType "swiss"]
[EventDate "2012.05.26"]

1. d4 Nf6 2. Nf3 g6 3. c4 d6 4. Nc3 Bg7 5. e4 O-O 6. Be2 e5 7. d5 a5 8. O-O Na6
9. Nd2 Nc5 10. f3 Bd7 11. Nb3 Qe7 12. Nxc5 dxc5 13. Qb3 b6 14. Rd1 Rad8 15. Be3
Rb8 16. Rd2 Rfd8 17. Rad1 Bc8 18. Nb5 Ne8 19. Rd3 Bb7 20. Qc2 Nd6 21. Nxd6 cxd6
22. a3 Ba6 23. R3d2 Re8 24. Qa4 Rb7 25. b4 Ra7 26. bxa5 bxa5 27. Rb1 Raa8 28.
Rdb2 Bc8 29. Rb6 Bd7 30. Qb3 a4 31. Qb2 Qf8 32. Qc2 f5 33. R1b2 f4 34. Bf2 Red8
35. Qb1 h5 36. Rb7 g5 37. Rc7 Be8 38. Rbb7 Bd7 39. Rxd7 Rxd7 40. Rxd7 Rb8 41.
Rb7 Ra8 42. Qb6 Kh8 43. Qc7 Rc8 44. Qd7 Rd8 45. Qxa4 Ra8 46. Qb3 Rc8 47. a4 Ra8
48. Qb5 Rc8 49. a5 Ra8 50. a6 Rc8 51. a7 Rd8 52. Rb8 Kh7 53. a8=Q Rxb8 54.
Qaxb8 Qxb8 55. Qxb8 Kh6 56. Qxd6+ Kh7 57. Bxc5 Kg8 58. Qg6 Kh8 59. Qxh5+ Kg8
60. d6 Bf6 61. Qg6+ Bg7 62. d7 Kh8 63. d8=Q+ Bf8 1-0

[Event "DEM U10 2012"]
[Site "Oberhof GER"]
[Date "2012.05.30"]
[Round "7"]
[White "Fischer, Elias"]
[Black "Kobald, Jacqueline"]
[Result "1-0"]
[Termination "normal"]
[Board "30"]
[WhiteElo "1377"]
[BlackElo "926"]
[PlyCount "53"]
[WhiteFideId "12963305"]
[BlackFideId "12988162"]
[EventCountry "GER"]
[EventRounds "11"]
[EventType "swiss"]
[EventDate "2012.05.26"]

1. e4 e5 2. Nf3 Nc6 3. Bc4 Nf6 4. Nc3 Bc5 5. O-O O-O 6. d3 d6 7. Bg5 Be6 8. Bd5
Bd7 9. h3 Rb8 10. Qd2 a6 11. Na4 Ba7 12. Nc3 Qe7 13. Ne2 Be6 14. Ng3 Kh8 15.
Nh5 Rg8 16. Nh2 Bd7 17. Kh1 Nd8 18. f4 c6 19. Bb3 d5 20. exd5 cxd5 21. Bxd5 Qd6
22. Bf3 Nd5 23. Bxd5 Qxd5 24. fxe5 Be6 25. Nf6 gxf6 26. Bxf6+ Rg7 27. Qg5 1-0

[Event "DEM U10 2012"]
[Site "Oberhof GER"]
[Date "2012.05.30"]
[Round "7"]
[White "Kirsten, Annika"]
[Black "Becker, Silke"]
[Result "0-1"]
[Termination "normal"]
[Board "31"]
[WhiteElo "957"]
[BlackElo "1222"]
[PlyCount "70"]
[WhiteFideId "12961124"]
[BlackFideId "12966452"]
[EventCountry "GER"]
[EventRounds "11"]
[EventType "swiss"]
[EventDate "2012.05.26"]

1. e4 e5 2. Nf3 Nc6 3. Bc4 Nf6 4. d3 Bc5 5. O-O d6 6. Nbd2 Bg4 7. c3 Qe7 8. Re1
O-O-O 9. Nf1 d5 10. exd5 Nxd5 11. h3 Bh5 12. Ng3 Bg6 13. d4 e4 14. Ng5 Bb6 15.
N3xe4 h6 16. Ng3 Qf6 17. N5e4 Bxe4 18. Nxe4 Qg6 19. Bb3 f5 20. Nc5 Bxc5 21.
dxc5 Nxc3 22. Qf3 Ne4 23. Qe3 Rhe8 24. Qf4 Nxc5 25. Rxe8 Rxe8 26. Be3 Nd3 27.
Qa4 Nce5 28. Qxa7 f4 29. Ba4 Nf3+ 30. Kf1 Nh2+ 31. Ke2 f3+ 32. gxf3 Nf4+ 33.
Ke1 Nxf3+ 34. Kd1 Qd3+ 35. Kc1 Ne2# 0-1

[Event "DEM U10 2012"]
[Site "Oberhof GER"]
[Date "2012.05.30"]
[Round "7"]
[White "Oganessjan, Artur"]
[Black "Wastian, Mareike"]
[Result "0-1"]
[Termination "normal"]
[Board "33"]
[WhiteElo "961"]
[BlackElo "1174"]
[PlyCount "78"]
[WhiteFideId "12986062"]
[BlackFideId "12947423"]
[EventCountry "GER"]
[EventRounds "11"]
[EventType "swiss"]
[EventDate "2012.05.26"]

1. e4 c6 2. d4 d5 3. e5 Bf5 4. Bd3 Bxd3 5. Qxd3 e6 6. Nf3 Qb6 7. Nc3 Nd7 8. b3
c5 9. O-O cxd4 10. Qxd4 Bc5 11. Qg4 Ne7 12. Qxg7 Ng6 13. Nh4 Bf8 14. Be3 Qd8
15. Qxh8 Nxh8 16. Nf3 Qc7 17. Nb5 Qa5 18. a4 a6 19. Nd6+ Bxd6 20. exd6 O-O-O
21. Rac1 Rg8 22. c4 Kb8 23. cxd5 Qxd5 24. Bf4 Qxf3 25. Bg3 Qe4 26. Rc7 Rd8 27.
Rfc1 Ng6 28. f3 Qe3+ 29. Bf2 Qe5 30. Bg3 Qd4+ 31. Kf1 Nf4 32. R7c4 Qd3+ 33. Kg1
Ne2+ 34. Kf2 Nxc1 35. Rxc1 Qd2+ 36. Kf1 Qxc1+ 37. Ke2 Rc8 38. Kd3 Rc3+ 39. Ke4
Qe3# 0-1